THE CONSPIRACY OF ART (Record no. 22044)
[ view plain ]
| 000 -LEADER | |
|---|---|
| fixed length control field | 00311nam a22001457a 4500 |
| 003 - CONTROL NUMBER IDENTIFIER | |
| control field | SGT |
| 020 ## - INTERNATIONAL STANDARD BOOK NUMBER | |
| International Standard Book Number | 9781584350286 |
| 082 ## - DEWEY DECIMAL CLASSIFICATION NUMBER | |
| Classification number | 306.47,BAU |
| 100 ## - MAIN ENTRY--PERSONAL NAME | |
| Personal name | BAUDRILLARD, JEAN |
| 245 ## - TITLE STATEMENT | |
| Title | THE CONSPIRACY OF ART |
| 260 ## - PUBLICATION, DISTRIBUTION, ETC. (IMPRINT) | |
| Place of publication, distribution, etc | USA |
| Name of publisher, distributor, etc | SEMIOTEXT |
| 300 ## - PAGE DESCRIPTION | |
| No. of Pages | 247 |
| 650 ## - SUBJECT ADDED ENTRY--TOPICAL TERM | |
| Topical term or geographic name as entry element | Social sciences |
| 942 ## - ADDED ENTRY ELEMENTS (KOHA) | |
| Source of classification or shelving scheme | Dewey Decimal Classification |
| Koha item type | Books |
| 942 ## - ADDED ENTRY ELEMENTS (KOHA) | |
| -- | 1 |
| Withdrawn status | Lost status | Source of classification or shelving scheme | Damaged status | Use restrictions | Not for loan | Collection code | Home library | Current library | Shelving location | Date acquired | Vendor Name | Cost, normal purchase price | SGTU | Bill Number | Full call number | Accession No. (Barcode) | Date last seen | Bill Date | Koha item type | Total Checkouts | Date last borrowed |
|---|---|---|---|---|---|---|---|---|---|---|---|---|---|---|---|---|---|---|---|---|---|
| Dewey Decimal Classification | Restricted Access | Not For Loan | ENGINEERING | SGT Engineering Library | SGT Engineering Library | Reference Book | 06/12/2021 | SBD SUBSCIRIPTION SERVICES | 22.95 | SGTU | SBDHO/2021/CRB/550 | 306.47,BAU | FE8355 | 06/12/2021 | 21/09/2021 | Books | |||||
| Dewey Decimal Classification | ENGINEERING | SGT Engineering Library | SGT Engineering Library | Record Book | 06/12/2021 | SBD SUBSCIRIPTION SERVICES | 22.95 | SGTU | SBDHO/2021/CRB/550 | 306.47,BAU | FE8356 | 08/11/2025 | 21/09/2021 | Books | 3 | 03/07/2025 |